Guatemala despúes del golpe: interpretaciones
Gardado en:
| Formato: | Texto |
|---|---|
| Materias: | |
| Etiquetas: |
Engadir etiqueta
Sen Etiquetas, Sexa o primeiro en etiquetar este rexistro!
|
MARC
| LEADER | 00000 a a2200000 04500 | ||
|---|---|---|---|
| 001 | 44485 | ||
| 003 | |||
| 040 | |||
| 245 | |a Guatemala despúes del golpe: |b interpretaciones | ||
| 650 | |a POLITICA | ||
| 650 | |a CRISIS | ||
| 650 | |a MILITARISMO | ||
| 650 | |a GUATEMALA | ||
| 773 | |g volumen7, número46 (1983), Página: 727 | ||
| 999 | |c 30170 |d 30170 | ||
| 773 | 0 | |0 42391 |9 4197 |a Agencia Latinoamericana de Información, ALAI |d Quito, Ecuador: ALAI |o 03970 |t ALAI: |x 08275564 (Servicio mensual de información y documentación) | |
